União Europeia - Statistics

Estatísticas Gerais
  • Esse quiz foi jogado 122 vezes
  • A pontuação média é 24 de 28
Estatísticas das Respostas
Hint Resposta % Correto
2. Espanha
98%
3. França
97%
1. Portugal
97%
6. Alemanha
93%
5. Itália
92%
7. Bélgica
90%
25. Polónia
88%
9. Países Baixos
87%
15. Suécia
87%
10. Dinamarca
86%
8. Luxemburgo
86%
18. Eslováquia
85%
19. Eslovénia
85%
11. Irlanda
85%
27. Roménia
85%
4. Grécia
84%
12. Grécia
84%
22. Letónia
84%
20. Estónia
83%
23. Lituânia
83%
13. Áustria
82%
28. Croácia
82%
14. Finlândia
82%
26. Bulgária
81%
21. Hungria
80%
24. Malta
76%
16. República Checa
70%
17. Chipre
64%
Nenhum quiz correspondente encontrado
Distribuição das Pontuações
Porcentagem de Pessoas com Cada Pontuação
Percentil de Números Respondidos
Sua Pontuação Histórica
Você não jogou esse quiz